| 000 | 00863nam a2200229 a 4500 | ||
|---|---|---|---|
| 001 | 000032670 | ||
| 003 | DO-SdBNP | ||
| 005 | 20240927073748.0 | ||
| 008 | 110725t1943 dr 001 0bspa d | ||
| 040 |
_aDO-SdBNP _bspa _cBNPHU |
||
| 049 | _aBNPD | ||
| 082 |
_a923.17293 _bT866L |
||
| 100 | 1 |
_aLamarche, J. B. _924007 |
|
| 245 | 1 | 3 |
_aLa personalidad integral de Trujillo / _cJuan Bautista Lamarche ; prólogo de Joaquín Balaguer. |
| 260 |
_aCiudad Trujillo, República Dominicana : _bLa Nación, _c1943. |
||
| 300 |
_a69 p. ; _c22 cm. |
||
| 505 | 0 | _aConferencia dictada en Santiago el 28 de enero de 1939 y en San Cristóbal el 11 de febrero del mismo año. | |
| 600 | 1 | 0 |
_aTrujillo Molina, Rafael Leónidas, _d 1891-1961 _976764 |
| 700 | 1 |
_a Balaguer, Joaquín, _d1906-2002 _epról. _976556 |
|
| 910 | _aValidado. Control de calidad EMS. | ||
| 942 |
_2ddc _cLF1 |
||
| 999 |
_c32161 _d32161 |
||